[Event "Moscow op (Women) 16th"]
[Site "Moscow"]
[Date "2020.01.30"]
[Round "6"]
[White "Sayafarova, Anna"]
[Black "Sidorova, Margarita"]
[Result "1-0"]
[WhiteElo "1922"]
[BlackElo "1714"]
[PlyCount "93"]
[EventDate "2020.01.25"]
[EventType "swiss"]
[EventRounds "9"]
[EventCountry "RUS"]
[SourceTitle "CBM 194 Extra"]
[Source "ChessBase"]
[SourceDate "2020.03.31"]
[SourceVersion "1"]
[SourceVersionDate "2020.03.31"]
[SourceQuality "1"]

1. e4 c5 2. Nf3 Nc6 3. d4 cxd4 4. Nxd4 Nf6 5. Nc3 e5 6. Ndb5 d6 7. Bg5 a6 8. Na3 b5 9. Nd5 Be7 10. Nxe7 Qxe7 11. c3 0-0 12. Be2 h6 13. Bxf6 Qxf6 14. 0-0 Bb7 15. Nc2 Ne7 16. Bf3 Rfd8 17. Qe2 d5 18. exd5 Nxd5 19. Bxd5 Rxd5 20. Ne3 Rd7 21. Rfd1 Rad8 22. Rxd7 Rxd7 23. a4 bxa4 24. Rxa4 Qd8 25. h3 Rd2 26. Qh5 Rxb2 27. Qxe5 Rb1+ 28. Kh2 Rb5 29. Qf4 g5 30. Qg3 Qf6 31. Ng4 Qg7 32. Rd4 h5 33. Rd8+ Kh7 34. Qd3+ Qg6 35. Qd4 Qg7 36. Qd3+ Qg6 37. Nf6+ Kh6 38. Rh8+ Kg7 39. Rg8+ Kxf6 40. Qd6+ Kf5 41. Rxg6 fxg6 42. c4 Re5 43. Qd7+ Kf4 44. Qxb7 g4 45. g3+ Kf5 46. Qf7+ Kg5 47. Qf4# 1-0

[Event "Moscow op (Women) 16th"]
[Site "Moscow"]
[Date "2020.01.28"]
[Round "4"]
[White "Sayafarova, Anna"]
[Black "Protopopova, Anastasiya"]
[Result "0-1"]
[WhiteElo "1922"]
[BlackElo "2233"]
[PlyCount "58"]
[EventDate "2020.01.25"]
[EventType "swiss"]
[EventRounds "9"]
[EventCountry "RUS"]
[SourceTitle "CBM 194 Extra"]
[Source "ChessBase"]
[SourceDate "2020.03.31"]
[SourceVersion "1"]
[SourceVersionDate "2020.03.31"]
[SourceQuality "1"]

1. e4 c6 2. d4 d5 3. Nd2 dxe4 4. Nxe4 Bf5 5. Ng3 Bg6 6. h4 h6 7. h5 Bh7 8. Nf3 e6 9. Bd3 Bxd3 10. Qxd3 Nf6 11. Bd2 Be7 12. 0-0-0 0-0 13. Kb1 a5 14. Ne4 Nxe4 15. Qxe4 Qd5 16. Qe2 Na6 17. g4 b5 18. c3 a4 19. Rdg1 a3 20. b3 c5 21. g5 Qf5+ 22. Kc1 Nb4 23. cxb4 cxd4 24. Kd1 Qb1+ 25. Bc1 Rac8 26. Qd2 Bxb4 27. Qxb4 Rxc1+ 28. Ke2 Qe4+ 29. Kd2 Qc2# 0-1

[Event "Moscow Petrosian Memorial op"]
[Site "Moscow"]
[Date "2015.01.11"]
[Round "8"]
[White "Popov, Oleg1111"]
[Black "Sayafarova, Anna"]
[Result "1/2-1/2"]
[WhiteElo "2054"]
[BlackElo "1846"]
[PlyCount "57"]
[EventDate "2015.01.04"]
[EventType "swiss"]
[EventRounds "9"]
[EventCountry "RUS"]
[SourceTitle "CBM 164 Extra"]
[Source "ChessBase"]
[SourceDate "2015.03.02"]
[SourceVersion "1"]
[SourceVersionDate "2015.03.02"]
[SourceQuality "1"]

1. d4 d5 2. c4 dxc4 3. e4 Nf6 4. e5 Nd5 5. Bxc4 Nb6 6. Bb3 Bf5 7. Nf3 e6 8. 0-0 Be7 9. Nc3 c6 10. Be3 0-0 11. Nd2 Na6 12. Nde4 Nc7 13. Ng3 Bg6 14. Qg4 Bh4 15. Nce4 Bxg3 16. Nxg3 Nbd5 17. Bg5 Qd7 18. h4 Bf5 19. Qf3 h6 20. Be3 Ne7 21. Nh5 Bg6 22. Nf4 Bh7 23. Qg4 Nf5 24. Rad1 Rfd8 25. Bc2 Nd5 26. Rfe1 Kh8 27. Bb1 Nxf4 28. Qxf4 Qe7 29. g3 1/2-1/2

[Event "Moscow-ch (Women)"]
[Site "Moscow"]
[Date "2013.03.31"]
[Round "9"]
[White "Utiatskaja, Irina"]
[Black "Sayafarova, Anna"]
[Result "1-0"]
[WhiteElo "2024"]
[BlackElo "1745"]
[PlyCount "57"]
[EventDate "2013.03.22"]
[EventType "swiss"]
[EventRounds "9"]
[EventCountry "RUS"]
[SourceTitle "CBM 153 Extra"]
[Source "ChessBase"]
[SourceDate "2013.04.22"]
[SourceVersion "1"]
[SourceVersionDate "2013.04.22"]
[SourceQuality "1"]

1. e4 e5 2. Nf3 Nc6 3. Bb5 a6 4. Ba4 Nf6 5. 0-0 b5 6. Bb3 Be7 7. Re1 0-0 8. h3 d6 9. c3 Na5 10. Bc2 c5 11. d4 Qc7 12. d5 Ne8 13. b3 f5 14. exf5 Bxf5 15. Nbd2 Bxc2 16. Qxc2 c4 17. Ne4 h6 18. b4 Nb7 19. a4 Nf6 20. Nxf6+ Bxf6 21. Be3 Rfc8 22. Qe4 Nd8 23. Ra2 Qb7 24. Rea1 Ne6 25. axb5 axb5 26. Ra7 Rxa7 27. Rxa7 Qb8 28. dxe6 Rd8 29. Qd5 1-0

[Event "Moscow-ch (Women)"]
[Site "Moscow"]
[Date "2013.03.25"]
[Round "4"]
[White "Zherebtsova, Alexandra"]
[Black "Sayafarova, Anna"]
[Result "1-0"]
[WhiteElo "2088"]
[BlackElo "1745"]
[PlyCount "43"]
[EventDate "2013.03.22"]
[EventType "swiss"]
[EventRounds "9"]
[EventCountry "RUS"]
[SourceTitle "CBM 153 Extra"]
[Source "ChessBase"]
[SourceDate "2013.04.22"]
[SourceVersion "1"]
[SourceVersionDate "2013.04.22"]
[SourceQuality "1"]

1. c4 e5 2. Nc3 Nf6 3. g3 g6 4. Bg2 Bg7 5. e4 d6 6. d3 Nc6 7. h3 h5 8. Bg5 Be6 9. Nge2 Qd7 10. Qd2 Nh7 11. Be3 Nd4 12. f4 Nxe2 13. Nxe2 exf4 14. Nxf4 Qe7 15. Rc1 c5 16. b4 Rc8 17. bxc5 dxc5 18. 0-0 Be5 19. Qf2 Nf6 20. Nd5 Bxd5 21. cxd5 b6 22. d4 1-0

[Event "Kislovodsk Narzan op"]
[Site "Kislovodsk"]
[Date "2012.07.04"]
[Round "4"]
[White "Bilyak, Alexander"]
[Black "Sayafarova, Anna"]
[Result "1-0"]
[WhiteElo "1920"]
[BlackElo "1655"]
[PlyCount "115"]
[EventDate "2012.07.01"]
[EventType "swiss"]
[EventRounds "9"]
[EventCountry "RUS"]
[SourceTitle "EXT 2013"]
[Source "ChessBase"]
[SourceDate "2012.11.22"]
[SourceVersion "1"]
[SourceVersionDate "2012.11.22"]
[SourceQuality "1"]

1. Nf3 d5 2. g3 Nc6 3. Bg2 e5 4. d3 Bd6 5. 0-0 Nge7 6. Nc3 0-0 7. Bg5 h6 8. Bd2 Be6 9. e4 dxe4 10. dxe4 Bg4 11. Be3 Bb4 12. Nd5 Nxd5 13. Qxd5 Qf6 14. Nh4 Rad8 15. Qb5 b6 16. c3 Be7 17. Nf5 Nb8 18. Nxe7+ Qxe7 19. f3 Bd7 20. Qe2 a6 21. Rfd1 Bb5 22. Qc2 Rxd1+ 23. Rxd1 Rd8 24. Rd2 Rxd2 25. Qxd2 Qd7 26. Qxd7 Bxd7 27. Bf1 Be6 28. b3 Kf8 29. Kf2 Ke7 30. f4 exf4 31. gxf4 g6 32. f5 gxf5 33. exf5 Bxf5 34. Bxh6 a5 35. Bf4 Kd7 36. h4 Kc6 37. Bg2+ Kd7 38. Ke3 Nc6 39. h5 f6 40. Be4 Bxe4 41. Kxe4 Ne7 42. h6 Ke6 43. Bxc7 f5+ 44. Kf3 b5 45. h7 Ng6 46. Bxa5 Kf7 47. c4 bxc4 48. Bc3 cxb3 49. axb3 Ke6 50. h8Q Nxh8 51. Bxh8 Kd5 52. Bc3 Kc5 53. Kf4 Kb6 54. Kxf5 Kc5 55. Ke5 Kc6 56. Kd4 Kb5 57. Kd5 Kb6 58. Kc4 1-0